Toutes les gares ferroviaires des Alpes-de-Haute-Provence - Statistiques

Statistiques générales
  • Ce quiz a été pris 4 fois
  • Le résultat moyen est 3 sur 19
Statistiques - réponses
Fréquentation annuelle Nom de la gare % Correct
5 497 Digne les Bains
100%
64 637 Sisteron
100%
Barrême
25%
33 463 Château-Arnoux-Saint-Auban
25%
Allons - Argens
0%
Annot
0%
Chabrières
0%
Chaudon-Norante
0%
Entrevaux
0%
Fugeret
0%
Gaubert-Le Chaffaut
0%
45 502 La Brillanne - Oraison
0%
131 129 Manosque - Gréoux-les-Bains
0%
Méailles
0%
Mézel - Châteauredon
0%
Moriez
0%
Plan d'eau des Ferréols
0%
Saint-André-les-Alpes
0%
Thorame-Haute
0%
Aucun quiz correspondant
Distribution des résultats
% des personnes avec chaque résultat
Percentile par nombre de réponses
Votre historique - résultats
Vous n’avez pas pris ce quiz